[Event "16th Russian Club Cup, HL"]
[Site "Sochi RUS"]
[Date "2009.04.05"]
[Round "4.17"]
[White "Papin, Vasily"]
[Black "Oparin, Grigoriy"]
[Result "1-0"]
[WhiteElo "2462"]
[BlackElo "2257"]
[Annotator ""]
[Source ""]
[Remark ""]

1.Nf3 d5 2.c4 e6 3.g3 Nf6 4.Bg2 Be7 5.O-O O-O 6.d4 c6 7.Qc2 b6
8.Rd1 Bb7 9.Nbd2 Nbd7 10.e4 dxe4 11.Nxe4 Nxe4 12.Qxe4 Nf6 13.Qe2
Bd6 14.Ne5 Qc7 15.Bf4 Nd7 16.c5 Bxe5 17.Bxe5 Nxe5 18.dxe5 bxc5
19.Rd6 Rad8 20.Rad1 f6 21.Qd3 Rde8 22.Be4 f5 23.Bf3 Re7 24.Qc4
Kf7 25.R1d3 Rb8 26.b3 Ba8 27.Qxc5 Qb6 28.Qc1 Qc7 29.g4 c5 30.gxf5
exf5 31.e6+ Kg8 32.Rd7 Rxd7 33.Rxd7 Qe5 34.e7 Bxf3 35.Qc4+ Bd5
36.Rd8+ Kf7 37.e8Q+ 1-0

[Event "16th Russian Club Cup, HL"]
[Site "Sochi RUS"]
[Date "2009.04.05"]
[Round "4.23"]
[White "Belov, Igor"]
[Black "Krylov, Mikhail"]
[Result "0-1"]
[WhiteElo "2443"]
[BlackElo "2482"]
[Annotator ""]
[Source ""]
[Remark ""]

1.Nf3 Nf6 2.c4 g6 3.Nc3 Bg7 4.e4 d6 5.d4 O-O 6.Be2 e5 7.d5 a5
8.Bg5 h6 9.Bh4 g5 10.Bg3 Nh5 11.h4 Nxg3 12.fxg3 g4 13.Nd2 h5
14.O-O Na6 15.Bd3 c6 16.Kh1 Qb6 17.c5 Qxb2 18.Rc1 Nxc5 19.Nc4
Qb4 20.a3 Qb3 21.Nxd6 Qxa3 22.Nf5 Bxf5 23.exf5 e4 24.Nxe4 Qxd3
25.Nxc5 Qxg3 26.Qe1 Qxe1 27.Rcxe1 Bf6 28.Nd7 Bxh4 29.Rb1 Rfe8
30.Rxb7 cxd5 31.g3 Bg5 32.f6 a4 33.Rf5 Bd2 34.Ne5 a3 35.Rxf7
Rxe5 36.Rg7+ Kf8 37.Rxe5 a2 38.Rxh5 a1Q+ 39.Kg2 Qxf6 0-1

[Event "16th Russian Club Cup, HL"]
[Site "Sochi RUS"]
[Date "2009.04.06"]
[Round "5.16"]
[White "Shorokhov, Alexandr"]
[Black "Kozlov, Gennady"]
[Result "1-0"]
[WhiteElo "2457"]
[BlackElo "2265"]
[Annotator ""]
[Source ""]
[Remark ""]

1.c4 f5 2.Nf3 Nf6 3.g3 g6 4.Bg2 Bg7 5.O-O O-O 6.Nc3 d6 7.d4 Qe8
8.d5 a5 9.Nd4 Na6 10.b3 Kh8 11.Bb2 Bd7 12.a3 c6 13.Rc1 Rd8 14.Qc2
e5 15.dxe6 Bxe6 16.Rfe1 d5 17.Nxe6 Qxe6 18.cxd5 cxd5 19.Na4 Ne4
20.Bxg7+ Kxg7 21.Qd3 Rf7 22.b4 axb4 23.axb4 d4 24.b5 Nb4 25.Qc4
Qxc4 26.Rxc4 Na2 27.Bxe4 fxe4 28.Ra1 d3 29.Rxa2 d2 30.Nc3 d1Q+
31.Nxd1 Rxd1+ 32.Kg2 e3 33.f4 Rd2 34.Rxd2 exd2 35.Rd4 Rf5 36.Rxd2
Rxb5 37.Rd7+ Kg8 38.g4 Rb2 39.Kf3 b5 40.f5 gxf5 41.gxf5 b4 42.Rb7
b3 43.h4 Rb1 44.Kf4 Rb2 45.e4 Rb1 46.Ke5 b2 47.Kf6 1-0

[Event "16th Russian Club Cup, HL"]
[Site "Sochi RUS"]
[Date "2009.04.07"]
[Round "6.4"]
[White "Chuprov, Dmitry"]
[Black "Iljushin, Alexei"]
[Result "1-0"]
[WhiteElo "2561"]
[BlackElo "2557"]
[Annotator ""]
[Source ""]
[Remark ""]

1.e4 c5 2.Nf3 Nc6 3.d4 cxd4 4.Nxd4 Nf6 5.Nc3 d6 6.Bg5 Qb6 7.Nb3
e6 8.Bxf6 gxf6 9.Qd2 a6 10.O-O-O h5 11.Kb1 Bd7 12.f4 O-O-O 13.Be2
h4 14.Rhf1 Be7 15.Rf3 Kb8 16.Bf1 Bc8 17.Qe1 Rdg8 18.Rh3 Rg4 19.g3
Rgg8 20.gxh4 Rg4 21.f5 exf5 22.Nd5 Qd8 23.exf5 Bxf5 24.Re3 Ne5
25.Bh3 Bf8 26.Nd4 Bc8 27.Bxg4 Bxg4 28.Nc6+ bxc6 29.Rb3+ Kc8 30.Nb6+
Kc7 31.Qa5 Bxd1 32.Nd5+ Kd7 33.Rb7+ Ke8 34.Nc7+ Kd7 35.Nxa6+
Ke8 36.Nc7+ Kd7 37.Ne6+ Kxe6 38.Qxd8 f5 39.Qc8+ Kf6 40.Qd8+ Ke6
41.Qc8+ Kf6 42.a4 f4 43.Rb4 f3 44.a5 Ng6 45.Qxc6 Rh5 46.Qc3+
Ne5 47.Rf4+ Kg6 48.a6 Bh6 49.Rd4 Be2 50.a7 Rf5 51.a8Q f2 52.Rxd6+
Kg7 53.Qg2+ Kh7 54.Rxh6+ 1-0

[Event "16th Russian Club Cup, HL"]
[Site "Sochi RUS"]
[Date "2009.04.07"]
[Round "6.8"]
[White "Yevseev, Denis"]
[Black "Gasanov, Eldar"]
[Result "1/2-1/2"]
[WhiteElo "2529"]
[BlackElo "2551"]
[Annotator ""]
[Source ""]
[Remark ""]

1.d4 Nf6 2.c4 e6 3.g3 d5 4.Nf3 dxc4 5.Bg2 Bb4+ 6.Bd2 c5 7.Bxb4
cxb4 8.Ne5 O-O 9.Nxc4 Nc6 10.e3 e5 11.dxe5 Qxd1+ 12.Kxd1 Ng4
13.Ke2 Ngxe5 14.Nbd2 Rd8 15.Rhd1 Bg4+ 16.f3 Bf5 17.e4 Nd4+ 18.Kf1
Nxc4 19.Nxc4 Be6 20.Ne3 a5 21.Kf2 f6 22.Rd2 Nc6 23.Nd5 Rd7 24.Rad1
Rad8 25.f4 Kf8 26.Ke3 Rd6 27.Nc7 Rxd2 28.Nxe6+ Ke7 29.Rxd2 Rxd2
30.Kxd2 Kxe6 31.Kd3 g5 32.Kc4 gxf4 33.gxf4 Kd6 34.Kb5 Nd4+ 35.Kxa5
Kc5 36.e5 fxe5 37.fxe5 b6+ 38.Ka6 b5 39.Kb7 Nf5 40.Be4 Ne3 41.Bxh7
Nc4 42.Bg8 Nxb2 43.Bb3 Nc4 44.a4 bxa4 45.Bxc4 Kxc4 46.e6 a3 47.e7
a2 48.e8Q a1Q 49.Qe6+ Kd3 50.h3 Qh1+ 51.Kc7 Qe4 52.Qb3+ Kd4 53.h4
Qe7+ 54.Kc6 Qc5+ 55.Kd7 Qd5+ 56.Qxd5+ Kxd5 1/2-1/2

[Event "16th Russian Club Cup, HL"]
[Site "Sochi RUS"]
[Date "2009.04.07"]
[Round "6.21"]
[White "Zabotin, Alexander"]
[Black "Kashlinskaya, Alina"]
[Result "1-0"]
[WhiteElo "2486"]
[BlackElo "2344"]
[Annotator ""]
[Source ""]
[Remark ""]

1.d4 Nf6 2.Nf3 g6 3.c4 Bg7 4.g3 O-O 5.Bg2 d6 6.O-O Nbd7 7.Nc3
e5 8.e4 a6 9.h3 b5 10.dxe5 dxe5 11.Re1 c6 12.Qd6 Bb7 13.a4 Ne8
14.Qa3 Nc7 15.Be3 Re8 16.axb5 axb5 17.Qb3 Qe7 18.cxb5 cxb5 19.Nxb5
Nxb5 20.Qxb5 Bxe4 21.Bg5 Qe6 22.Rxa8 Bxa8 23.Nd4 Qd6 24.Bxa8
Rxa8 25.Qc6 Qxc6 26.Nxc6 Ra6 27.Ne7+ Kf8 28.Nd5 e4 29.b4 Ra1
30.Rxa1 Bxa1 31.g4 Bd4 32.Be3 Bxe3 33.fxe3 h6 34.Kf2 f5 35.gxf5
gxf5 36.Kg3 Kf7 37.Kh4 Ke6 38.Nf4+ Kf6 39.Kh5 Kg7 40.b5 Nb6 41.Ne2
Nd5 42.Nd4 Kf6 43.Kxh6 Ke5 44.Kg5 Nxe3 45.b6 Kd6 46.h4 f4 47.Ne6
Kxe6 48.b7 f3 49.b8Q f2 50.Qe8+ 1-0

[Event "16th Russian Club Cup, HL"]
[Site "Sochi RUS"]
[Date "2009.04.08"]
[Round "7.15"]
[White "Kryakvin, Dmitry"]
[Black "Rakhmanov, Aleksandr"]
[Result "1-0"]
[WhiteElo "2583"]
[BlackElo "2543"]
[Annotator ""]
[Source ""]
[Remark ""]

1.e4 e6 2.d4 d5 3.Nc3 Nf6 4.e5 Nfd7 5.f4 c5 6.Nf3 Nc6 7.Be3 a6
8.Qd2 b5 9.a3 Qb6 10.Ne2 c4 11.Rg1 h5 12.g3 b4 13.axb4 Bxb4 14.c3
Be7 15.f5 exf5 16.Nf4 Qb5 17.e6 Nb6 18.exf7+ Kxf7 19.Bg2 g6 20.Kf2
Be6 21.Rge1 Rae8 22.Nxe6 Kxe6 23.Bg5+ Kd7 24.Bxe7 Rxe7 25.Rxe7+
Nxe7 26.Ne5+ Kc7 27.Nf7 Rf8 28.Ng5 Rf6 29.Re1 Kd7 30.Qe2 Nbc8
31.Ne6 Qc6 32.Nc5+ Ke8 33.Qe3 Kf7 34.Qh6 Kg8 35.Re5 Rd6 36.Bf3
Rf6 37.Kg1 Rd6 38.Bg2 Qe8 39.Ne6 Qf7 40.Nf4 Nb6 41.Bf3 Nc6 42.Bxh5
Qf8 43.Qg5 Qd8 44.Qxd8+ Rxd8 45.Re6 gxh5 46.Rxc6 Na4 47.Rxa6
Nxb2 48.Ra5 Re8 49.Nxd5 Re2 50.Ra7 Nd1 51.Rc7 Nf2 52.Nf6+ Kf8
53.Rxc4 h4 54.gxh4 f4 55.Nh7+ Kg7 56.Ng5 Kg6 57.d5 Kf5 58.Rd4
Ng4 59.d6 Ne3 60.d7 Rg2+ 61.Kh1 Rc2 62.Rd1 Nxd1 63.d8Q Ne3 64.Qd7+ 1-0